The wind form the hills / (Record no. 27112)

MARC details
000 -LEADER
fixed length control field 02387nam a22003857a 4500
005 - DATE AND TIME OF LATEST TRANSACTION
control field 20090601154721.0
008 - FIXED-LENGTH DATA ELEMENTS--GENERAL INFORMATION
fixed length control field 080725t xxu||||| |||| 00| 0 eng d
010 ## - LCCN (DPL NO)
LC control number ENG-93822
020 ## - INTERNATIONAL STANDARD BOOK NUMBER
International Standard Book Number 9788189975647
Terms of availability 250.00
035 ## - SYSTEM CONTROL NUMBER
System control number EN-77355
035 ## - SYSTEM CONTROL NUMBER
System control number B-365364-369
037 ## - SOURCE OF ACQUISITION
Source of stock number/acquisition DBAD / PUB
037 ## - SOURCE OF ACQUISITION
Source of stock number/acquisition UBH
040 ## - CATALOGING SOURCE
Original cataloging agency dpl
Language of cataloging English
082 ## - DEWEY DECIMAL CLASSIFICATION NUMBER
Classification number N
100 ## - MAIN ENTRY--PERSONAL NAME
Personal name Sethu
245 ## - TITLE STATEMENT
Title The wind form the hills /
Statement of responsibility, etc by Sethu; translated by Prema Jayakumar
260 ## - PUBLICATION, DISTRIBUTION, ETC. (IMPRINT)
Place of publication, distribution, etc New Delhi
Name of publisher, distributor, etc Tranquebar Press
Date of publication, distribution, etc 2008
270 ## - ADDRESS
Address F-5, Okhla Industrial Area, Phase-I, Mazzanine Floor,
City New Delhi
Postal code 110020
300 ## - PHYSICAL DESCRIPTION
Extent xii, 243p.
Dimensions 20cm(pbk)
500 ## - GENERAL NOTE
General note Novel
500 ## - GENERAL NOTE
General note Translated from the Malayalam original Niyogam
650 ## - SUBJECT ADDED ENTRY--TOPICAL TERM
Topical term or geographic name as entry element Malayalam fiction
Form subdivision Translation into English
700 ## - ADDED ENTRY--PERSONAL NAME
Personal name Prem Jayakumar
942 ## - ADDED ENTRY ELEMENTS (KOHA)
Source of classification or shelving scheme Dewey Decimal Classification
Item type English Books
Call number suffix SET
Classification part N
Holdings
Withdrawn status Lost status Source of classification or shelving scheme Damaged status Not for loan Collection code Home library Current library Date acquired Source of acquisition Cost, normal purchase price Total Checkouts Full call number Barcode Date last seen Copy number Cost, replacement price Koha item type Total Renewals
  Written-off vide DLB M. No. 383 dt 16.05.19 Dewey Decimal Classification     Fiction Central Library Central Library 16/04/2010 UBH/152/9.11.09/147/16.10.09/12.11.09 250.00   N SET B-365364 16/04/2010 1 250.00 English Books  
    Dewey Decimal Classification   Not For Loan Fiction D.B.Act.Division D.B.Act.Division 01/06/2009 DBAD / PUB 250.00   N SET EN-77355 01/06/2009 1 250.00 English Books  
    Dewey Decimal Classification     Fiction Janak Puri Janak Puri 16/04/2010 UBH/152/9.11.09/147/16.10.09/12.11.09 250.00 27 N SET B-365366 27/02/2025 1 250.00 English Books 4
    Dewey Decimal Classification     Fiction Karol Bagh Karol Bagh 16/04/2010 UBH/152/9.11.09/147/16.10.09/12.11.09 250.00   N SET B-365368 16/04/2010 1 250.00 English Books  
  Written-off vide DLB M. No. 383 dt 16.05.19 Dewey Decimal Classification     Fiction Patel Nagar Patel Nagar 16/04/2010 UBH/152/9.11.09/147/16.10.09/12.11.09 250.00   N SET B-365365 16/04/2010 1 250.00 English Books  
    Dewey Decimal Classification     Fiction Shahdara Branch Shahdara Branch 16/04/2010 UBH/152/9.11.09/147/16.10.09/12.11.09 250.00   N SET B-365369 16/04/2010 1 250.00 English Books  
    Dewey Decimal Classification     Fiction Vinoba Puri Vinoba Puri 16/04/2010 UBH/152/9.11.09/147/16.10.09/12.11.09 250.00 7 N SET B-365367 24/09/2020 1 250.00 English Books 1

© Delhi Public Library
Hit Counter
free hit counter